[Event "Roskilde op"]
[Site "Roskilde"]
[Date "1998.??.??"]
[Round "1"]
[White "Van Parreren, Hanneke"]
[Black "Speelman, Jonathan S"]
[Result "0-1"]
[WhiteElo "2125"]
[BlackElo "2605"]
[PlyCount "82"]
[EventDate "1998.07.17"]
[EventType "swiss"]
[EventRounds "9"]
[EventCountry "DEN"]
[SourceTitle "EXT 1999"]
[Source "ChessBase"]
[SourceDate "1998.11.16"]
[SourceVersion "1"]
[SourceVersionDate "1998.11.16"]
[SourceQuality "1"]

1. d4 e6 2. c4 b6 3. e4 Bb7 4. Nc3 Bb4 5. Bd3 f5 6. Qc2 Nf6 7. d5 fxe4 8. Bxe4 exd5 9. Bf3 Nc6 10. cxd5 Nd4 11. Qd3 Qe7+ 12. Be3 Nxf3+ 13. Nxf3 Bxc3+ 14. bxc3 Bxd5 15. 0-0 Bxf3 16. gxf3 0-0 17. Rfe1 Qf7 18. Bd4 Nd5 19. Be5 d6 20. Rad1 Nf4 21. Bxf4 Qxf4 22. Qd5+ Qf7 23. Re3 Rae8 24. Kg2 g6 25. Rd4 Qxd5 26. Rxd5 Rxe3 27. fxe3 Rf5 28. Rd4 Rc5 29. c4 Ra5 30. Rd2 Kf7 31. Kf2 Ra3 32. Rc2 Kf6 33. Ke2 Kg5 34. Kf2 Kh4 35. f4 Kg4 36. Ke2 h6 37. Kf2 g5 38. fxg5 hxg5 39. Ke2 Kf5 40. Kf2 g4 41. Rd2 Kg5 0-1

[Event "Wichern op 4th"]
[Site "Hamburg"]
[Date "1997.??.??"]
[Round "9"]
[White "Jugelt, Tobias"]
[Black "Van Parreren, Hanneke"]
[Result "1-0"]
[WhiteElo "2370"]
[BlackElo "2135"]
[PlyCount "79"]
[EventDate "1997.10.??"]
[EventType "swiss"]
[EventRounds "9"]
[EventCountry "GER"]
[SourceTitle "EXT 1998"]
[Source "ChessBase"]
[SourceDate "1997.11.17"]
[SourceVersion "1"]
[SourceVersionDate "1997.11.17"]
[SourceQuality "1"]

1. d4 f5 2. g3 Nf6 3. Bg2 g6 4. Nf3 Bg7 5. c4 d6 6. 0-0 0-0 7. Nc3 Qe8 8. d5 Na6 9. Rb1 Bd7 10. Nd4 c5 11. dxc6 bxc6 12. b3 Nc5 13. Bb2 Rd8 14. b4 Nce4 15. Nxe4 Nxe4 16. Qc2 e5 17. Nb3 Qe7 18. Rbd1 Ng5 19. Na5 Rc8 20. Nb7 Nf7 21. Qd2 Be6 22. Na5 Bd7 23. Qe3 Rc7 24. a4 Rd8 25. b5 cxb5 26. axb5 Be8 27. Bd5 Kh8 28. Ba3 Ng5 29. Bg2 Ne6 30. Qd2 Nc5 31. Bxc5 Rxc5 32. Nb7 Rxc4 33. Nxd8 Qxd8 34. Qxd6 Qxd6 35. Rxd6 Rd4 36. Rxd4 exd4 37. Rc1 Kg8 38. Rc8 Kf7 39. Rc7+ Kf6 40. Bc6 1-0

[Event "Zuerich op-A 19th"]
[Site "Zuerich"]
[Date "1995.??.??"]
[Round "1"]
[White "Van Parreren, Hanneke"]
[Black "Kelecevic, Nedeljko"]
[Result "0-1"]
[WhiteElo "2175"]
[BlackElo "2435"]
[PlyCount "104"]
[EventDate "1995.12.26"]
[EventType "swiss"]
[EventRounds "7"]
[EventCountry "SUI"]
[SourceTitle "EXT 1998"]
[Source "ChessBase"]
[SourceDate "1997.11.17"]
[SourceVersion "1"]
[SourceVersionDate "1997.11.17"]
[SourceQuality "1"]

1. d4 Nf6 2. c4 e6 3. g3 d5 4. Bg2 Nc6 5. Nf3 dxc4 6. 0-0 Rb8 7. Nc3 b5 8. Ne5 Nxe5 9. dxe5 Nd7 10. Be3 Bc5 11. Qd2 0-0 12. Rfd1 Qe7 13. f4 a6 14. Bc6 Bxe3+ 15. Qxe3 Nc5 16. Rd2 Bb7 17. Bxb7 Rxb7 18. Rad1 b4 19. Ne4 Nxe4 20. Qxe4 Qc5+ 21. Qd4 Qb6 22. Qxb6 cxb6 23. Rd6 Rbb8 24. Kf2 Rfc8 25. Rc1 g6 26. Ke3 a5 27. Kd4 b5 28. e4 c3 29. bxc3 Rc4+ 30. Kd3 Rbc8 31. Rb6 Rxc3+ 32. Rxc3 Rxc3+ 33. Kd4 h5 34. Rxb5 Ra3 35. h3 Rxg3 36. Rxa5 Rxh3 37. Rb5 Rf3 38. Rxb4 Rxf4 39. Ke3 Rf1 40. a4 g5 41. Rb2 Ra1 42. Rg2 Ra3+ 43. Kd4 Rxa4+ 44. Kc5 g4 45. Rh2 Kg7 46. Rxh5 Kg6 47. Rh8 Rxe4 48. Kd6 Rd4+ 49. Ke7 Rd5 50. Rg8+ Kf5 51. Rg7 Rxe5 52. Rxf7+ Ke4 0-1

[Event "Reykjavik op"]
[Site "Reykjavik"]
[Date "1994.??.??"]
[Round "8"]
[White "Van Parreren, Hanneke"]
[Black "Vidarsson, Jon Gardar"]
[Result "0-1"]
[WhiteElo "2195"]
[BlackElo "2310"]
[PlyCount "58"]
[EventDate "1994.02.??"]
[EventType "swiss"]
[EventRounds "9"]
[EventCountry "ISL"]
[SourceTitle "CBM 039 Extra"]
[Source "ChessBase"]
[SourceDate "1994.05.01"]
[SourceVersion "1"]
[SourceVersionDate "1994.05.01"]
[SourceQuality "1"]

1. d4 f5 2. c4 Nf6 3. Nf3 g6 4. g3 Bg7 5. Bg2 d6 6. 0-0 0-0 7. Nc3 c6 8. d5 Qe8 9. Rb1 a5 10. Nd4 e5 11. dxe6 Bxe6 12. b3 Na6 13. Bf4 Rd8 14. Nxe6 Qxe6 15. Qd2 Nc5 16. Rbd1 Ng4 17. Rfe1 a4 18. Qc2 axb3 19. axb3 Qf6 20. Bd2 f4 21. Bf3 fxg3 22. hxg3 Ne5 23. Ne4 Nxf3+ 24. exf3 Qxf3 25. Bg5 Nxe4 26. Rxe4 Rde8 27. Rxe8 Rxe8 28. Be3 Be5 29. Bb6 Bxg3 0-1

[Event "Prague Bohemians (Women)"]
[Site "Prague"]
[Date "1992.??.??"]
[Round "2"]
[White "Sikora Gizynska, Bozena"]
[Black "Van Parreren, Hanneke"]
[Result "1/2-1/2"]
[WhiteElo "2225"]
[BlackElo "2135"]
[PlyCount "121"]
[EventDate "1992.??.??"]
[EventType "tourn"]
[EventRounds "13"]
[EventCountry "CZE"]
[SourceTitle "TD"]
[Source "ChessBase"]
[SourceDate "1994.03.01"]
[SourceVersion "1"]
[SourceVersionDate "1994.03.01"]
[SourceQuality "1"]

1. e4 d6 2. d4 Nf6 3. Nc3 g6 4. Nf3 Bg7 5. Be2 0-0 6. 0-0 c6 7. a4 a5 8. Be3 Na6 9. Nd2 Nb4 10. Ncb1 d5 11. c3 Na6 12. e5 Nd7 13. Na3 f6 14. f4 fxe5 15. fxe5 Rxf1+ 16. Bxf1 Nb6 17. Bd3 Qf8 18. Qb3 Qd8 19. Rf1 Qc7 20. Bg5 c5 21. Nb5 Qc6 22. Qa3 Qe6 23. Nf3 Nd7 24. Bc2 b6 25. Qa1 Bb7 26. Qe1 Rf8 27. Qh4 Rf7 28. Be3 Nf8 29. Rf2 Qc8 30. Re2 Ne6 31. Rf2 Bc6 32. Na7 Qb7 33. Nxc6 Qxc6 34. Ng5 Nxg5 35. Bxg5 Rxf2 36. Qxf2 e6 37. Bd3 c4 38. Bc2 Qd7 39. Bd1 Qf7 40. Qxf7+ Kxf7 41. Bd8 Nb8 42. Bxb6 Nc6 43. Bc5 Bf8 44. Bxf8 Kxf8 45. Kf2 Nb8 46. Ke3 Nd7 47. Kd2 Nb6 48. h4 Kf7 49. Bc2 Kg7 50. g4 h6 51. Kc1 Kf7 52. Kb1 Kg7 53. Ka2 Kf7 54. Bd1 Ke7 55. Ka3 Kf7 56. Be2 Ke7 57. b4 cxb3 58. Kxb3 Kf7 59. Bb5 Ke7 60. Bd3 Kf7 61. c4 1/2-1/2

[Event "Munich op 9192"]
[Site "Munich"]
[Date "1992.??.??"]
[Round "1"]
[White "Van Parreren, Hanneke"]
[Black "Bandza, Algirdas S"]
[Result "0-1"]
[WhiteElo "2140"]
[BlackElo "2400"]
[PlyCount "116"]
[EventDate "1992.01.??"]
[EventType "swiss"]
[EventRounds "9"]
[EventCountry "GER"]
[SourceTitle "TD"]
[Source "ChessBase"]
[SourceDate "1994.03.01"]
[SourceVersion "1"]
[SourceVersionDate "1994.03.01"]
[SourceQuality "1"]

1. d4 d6 2. e4 Nf6 3. Nc3 Nbd7 4. Nf3 e5 5. Bc4 Be7 6. 0-0 0-0 7. h3 c6 8. a4 a5 9. Be3 Qc7 10. Ba2 exd4 11. Nxd4 Re8 12. Qd2 Ne5 13. Rad1 Bd7 14. f4 Ng6 15. Nf3 Be6 16. Bxe6 fxe6 17. Kh1 d5 18. f5 exf5 19. exd5 Rad8 20. Nd4 Nxd5 21. Nxd5 Rxd5 22. Rxf5 Qd7 23. Rxd5 Qxd5 24. Nf3 Qe4 25. Bb6 Qxa4 26. Bxa5 Bf6 27. b3 Qf4 28. Qxf4 Nxf4 29. Re1 Ra8 30. Bd2 Nd5 31. Bg5 Bc3 32. Re2 Ra2 33. Re8+ Kf7 34. Rb8 b5 35. Rc8 h6 36. Bd8 Ra6 37. Kg1 Ke6 38. Bh4 Kd7 39. Rg8 Ra2 40. Be1 Bf6 41. c4 bxc4 42. bxc4 Ne3 43. Bf2 Nxc4 44. Bd4 Ke6 45. Bxf6 Kxf6 46. Rc8 Ra6 47. Rc7 g6 48. g4 Ne5 49. Nxe5 Kxe5 50. Kf2 Kf4 51. Rf7+ Kg5 52. Rc7 Ra2+ 53. Kg3 Ra3+ 54. Kf2 Ra2+ 55. Kg3 Ra3+ 56. Kf2 Rc3 57. Ke2 Rxh3 58. Rxc6 Rg3 0-1

[Event "Munich op 9192"]
[Site "Munich"]
[Date "1992.??.??"]
[Round "9"]
[White "Van Parreren, Hanneke"]
[Black "Dirr, Ulrich"]
[Result "1-0"]
[WhiteElo "2140"]
[BlackElo "2270"]
[PlyCount "107"]
[EventDate "1992.01.??"]
[EventType "swiss"]
[EventRounds "9"]
[EventCountry "GER"]
[SourceTitle "TD"]
[Source "ChessBase"]
[SourceDate "1994.03.01"]
[SourceVersion "1"]
[SourceVersionDate "1994.03.01"]
[SourceQuality "1"]

1. d4 Nf6 2. c4 g6 3. Nf3 Bg7 4. g3 0-0 5. Bg2 d6 6. 0-0 Nc6 7. Nc3 a6 8. d5 Na5 9. Nd2 c5 10. Qc2 Rb8 11. b3 b5 12. Bb2 bxc4 13. bxc4 Bh6 14. f4 e6 15. dxe6 Bxe6 16. Nd5 Rxb2 17. Qxb2 Bg7 18. Qc2 Bxd5 19. cxd5 Ng4 20. Rab1 Ne3 21. Qd3 Nxf1 22. Bxf1 Qf6 23. e3 Qe7 24. Kf2 Re8 25. e4 f5 26. exf5 gxf5 27. Nf3 c4 28. Qxf5 h6 29. Re1 Qa7+ 30. Kg2 Rxe1 31. Nxe1 Qc5 32. Qe6+ Kh7 33. Nc2 Qb6 34. Kh3 Qc7 35. Bg2 Qd8 36. Be4+ Kh8 37. Ne3 Qf6 38. Qe8+ Qf8 39. Qg6 Kg8 40. Nf5 Qf6 41. Nxh6+ Kf8 42. Qxf6+ Bxf6 43. Nf5 Nb7 44. Kg2 Nc5 45. Nxd6 Nxe4 46. Nxe4 c3 47. Nf2 c2 48. Nd3 Ke7 49. Kf3 Bb2 50. g4 c1Q 51. Nxc1 Bxc1 52. g5 Kf7 53. h4 Ba3 54. h5 1-0

[Event "Prague Bohemians (Women)"]
[Site "Prague"]
[Date "1992.??.??"]
[Round "3"]
[White "Van Parreren, Hanneke"]
[Black "Mozna Hojdarova, Eva"]
[Result "1-0"]
[WhiteElo "2135"]
[BlackElo "2115"]
[PlyCount "31"]
[EventDate "1992.??.??"]
[EventType "tourn"]
[EventRounds "13"]
[EventCountry "CZE"]
[SourceTitle "TD"]
[Source "ChessBase"]
[SourceDate "1994.03.01"]
[SourceVersion "1"]
[SourceVersionDate "1994.03.01"]
[SourceQuality "1"]

1. d4 d5 2. Nf3 Nf6 3. c4 c6 4. Nc3 e6 5. e3 Be7 6. Bd3 Nbd7 7. 0-0 0-0 8. e4 dxe4 9. Nxe4 Nxe4 10. Bxe4 Nf6 11. Bc2 c5 12. dxc5 Bxc5 13. Bg5 Be7 14. Qe2 Qc7 15. Rfd1 Bd7 16. Bxf6 1-0

[Event "Prague Bohemians (Women)"]
[Site "Prague"]
[Date "1992.??.??"]
[Round "8"]
[White "Van Parreren, Hanneke"]
[Black "Palatkova, Eliska"]
[Result "1/2-1/2"]
[WhiteElo "2135"]
[BlackElo "2005"]
[PlyCount "27"]
[EventDate "1992.??.??"]
[EventType "tourn"]
[EventRounds "13"]
[EventCountry "CZE"]
[SourceTitle "TD"]
[Source "ChessBase"]
[SourceDate "1994.03.01"]
[SourceVersion "1"]
[SourceVersionDate "1994.03.01"]
[SourceQuality "1"]

1. d4 d5 2. Nf3 Nf6 3. c4 e6 4. Nc3 Be7 5. Bf4 c6 6. e3 Nbd7 7. h3 0-0 8. Be2 dxc4 9. Bxc4 Nd5 10. Bh2 Qa5 11. Qc2 N7b6 12. Bb3 Nxc3 13. bxc3 Nd5 14. Bxd5 1/2-1/2